| 000 -ლიდერი |
| ფიქსირებული სიგრძის საკონტროლო ველი |
01258nam a2200241Ia 4500 |
| 001 - საკონტროლო ნომერი |
| საკონტროლო ველი |
20484 |
| 003 - საკონტროლო ნომრის იდენტიფიკატორი |
| საკონტროლო ველი |
GE_BSU |
| 005 - ბოლო ოპერაციის თარიღი და დრო |
| საკონტროლო ველი |
20210102213201.0 |
| 008 - ფიქსირებული სიგრძის მონაცემთა ელემენტები - ზოგადი ინფორმაცია |
| ფიქსირებული სიგრძის საკონტროლო ველი |
181216s2000||||ge |||||||||||||| || || |
| 040 ## - კატალოგიზაციის წყარო |
| Transcribing agency |
GE_BSU |
| 041 ## - ენის კოდი |
| Language code of text/sound track or separate title |
geo |
| 080 ## - უნივერსალური ათობითი კლასიფიკაციის ინდექსი |
| Universal Decimal Classification number |
811.353.1-88(075.3) მ-40 |
| 100 ## - მთავარი ჩანაწერი - პიროვნების სახელი |
| Personal name |
მაღლაკელიძე, ნ. |
| 9 (RLIN) |
9959 |
| 245 ## - ცნობა სათაურის შესახებ |
| Title |
კლასგარეშე საკითხავი ლიტერატურა : |
| Remainder of title |
დამხმ. სახელმძღვ. მე-2 კლასის მოსწავლეებისათვის / |
| Statement of responsibility, etc |
ნ. მაღლაკელიძე, ც. ყურაშვილი ; რედ. თ. კარანაძე. |
| 264 ## - წარმოების, გამოცემის, დისტრიბუციის და სხვა ცნობები |
| გამოცემის, წარმოების, დისტრიბუციის... ადგილი |
თბილისი : |
| გამოცემის, წარმოების, დისტრიბუციის... სახელწოდება |
ლეთა, |
| გამოცემის, წარმოების, დისტრიბუციის... თარიღი |
2000. |
| 300 ## - ფიზიკური აღწერა |
| Extent |
200 გვ. ; |
| Dimensions |
20 სმ. |
| 653 ## - INDEX TERM--UNCONTROLLED |
| Uncontrolled term |
დამხმარე სახელმძღვანელო მე-2 კლასის მოსწავლეებისათვის |
| 653 ## - INDEX TERM--UNCONTROLLED |
| Uncontrolled term |
კლასგარეშე საკითხავი ლიტერატურა |
| 700 ## - ADDED ENTRY--PERSONAL NAME |
| Personal name |
ყურაშვილი, ც. |
| Relator term |
ავტორი |
| 9 (RLIN) |
9953 |
| 700 ## - ADDED ENTRY--PERSONAL NAME |
| Personal name |
კარანაძე, თ. |
| Relator term |
რედაქტორი |
| 9 (RLIN) |
9960 |
| 942 ## - ADDED ENTRY ELEMENTS (KOHA) |
| Koha item type |
წიგნი |
| Source of classification or shelving scheme |
|